000 00408nam a2200181Ia 4500
008 151202s9999||||xx |||||||||||||| ||und||
082 _bPNVM-22753
100 _aGUNTHER (JOHN).
245 _aINSIDE U.S.A.
260 _b---
260 _c1960
300 _a1121
600 _aGUNTHER (JOHN).
630 _aINSIDE U.S.A.
700 _aGUNTHER (JOHN).
730 _aINSIDE U.S.A.
942 _cBOOK
999 _c1288728
_d1288725